| 000 | 00542nam a2200181 a 4500 | ||
|---|---|---|---|
| 005 | 20140310183415.0 | ||
| 008 | 070919s19uu xx 00 eng d | ||
| 020 | _a0572031467 | ||
| 050 |
_aN 8530 _b.P359 2005 |
||
| 100 | _aPearce, Emma | ||
| 245 |
_aArtists' materials : _bthe complete sourcebook of methods and media. _cEmma Pearce's |
||
| 260 |
_aLondon : _bArcturus Publishing Limited, _c2005. |
||
| 300 |
_a192 p. : _bill. col. ; _c23 cm. |
||
| 521 | _aMA | ||
| 650 | _aArtists' materials. | ||
| 942 |
_cBK _2lcc _kFOR |
||
| 999 |
_c22552 _d22552 |
||